LEADER 03410nam 22005774a 450 001 996201244503316 005 20170814191103.0 010 $a1-282-36518-5 010 $a9786612365188 010 $a0-470-34463-6 010 $a0-470-34433-4 035 $a(CKB)1000000000687595 035 $a(EBL)479862 035 $a(OCoLC)609854690 035 $a(SSID)ssj0000306677 035 $a(PQKBManifestationID)11205512 035 $a(PQKBTitleCode)TC0000306677 035 $a(PQKBWorkID)10298593 035 $a(PQKB)11081947 035 $a(MiAaPQ)EBC479862 035 $a(PPN)152512918 035 $a(EXLCZ)991000000000687595 100 $a20060118d2006 uy 0 101 0 $aeng 135 $aur|n|---||||| 181 $ctxt 182 $cc 183 $acr 200 10$aPractical periodontal plastic surgery$b[electronic resource] /$fauthors, Serge Dibart, Mamdouh Karima 210 $aAmes, Iowa $cBlackwell Munksgaard$dc2006 215 $a1 online resource (130 p.) 300 $aDescription based upon print version of record. 311 $a0-8138-2268-8 320 $aIncludes bibliographical references and index. 327 $aDefinition and objectives of periodontal plastic surgery / Serge Dibart and Mamdouh Karima -- Surgical armamentarium, sutures, anesthesia, and postoperative management / Serge Dibart -- Introduction to microsurgery and training / Ming Fang Su and Yu-Chuan Pan -- Periodontal microsurgery / James Belcher -- Free gingival autograft / Serge Dibart -- Subepithelial connective tissue graft / Serge Dibart and Mamdouh Karima -- Pedicle grafts: rotational flaps and double-papilla procedure / Serge Dibart and Mamdouh Karima -- Pedicle grafts: coronally advanced flaps / Serge Dibart -- Guided tissue regeneration / Serge Dibart -- Acellular dermal matrix graft (AlloDerm) / Serge Dibart -- Labial frenectomy alone or in combination with a free gingival autograft / Serge Dibart and Mamdouh Karima -- Preprosthetic ridge augmentation: hard and soft / Serge Dibart and Luigi Montesani -- Exposure of impacted maxillary teeth for orthodontic treatment / Serge Dibart -- Soft tissue management around dental implants / Diego Capri -- Improving patients' smile: esthetic crown-lengthening procedure / Serge Dibart -- Selection criteria / Serge Dibart and Mamdouh Karima. 330 $aPractical Periodontal Plastic Surgery provides the qualified and trainee periodontist with a pragmatic approach to mucogingival plastic surgery, imparting knowledge and expertise through its step-by-step examination of the actual clinical requirements of each procedure. The book focuses on the increasingly requested esthetic procedures such as crown lengthening and root coverage, but it also deals with other mucogingival operations, such as hard and soft pre-prosthetic and pre-implant ridge augmentation. Uniquely, there is also a focus on the burgeoning field of periodontal microsurgery 606 $aPeriodontium$xSurgery 606 $aSurgery, Plastic 615 0$aPeriodontium$xSurgery. 615 0$aSurgery, Plastic. 676 $a617.6/32059 676 $a617.632 700 $aDibart$b Serge$0882815 701 $aKarima$b Mamdouh$01232106 801 0$bMiAaPQ 801 1$bMiAaPQ 801 2$bMiAaPQ 906 $aBOOK 912 $a996201244503316 996 $aPractical periodontal plastic surgery$92860808 997 $aUNISA